Algebra / (Record no. 8887)
[ view plain ]
| 000 -LEADER | |
|---|---|
| fixed length control field | 00586nam a22002177a 4500 |
| 003 - CONTROL NUMBER IDENTIFIER | |
| control field | SISC |
| 005 - DATE AND TIME OF LATEST TRANSACTION | |
| control field | 20190620132106.0 |
| 008 - FIXED-LENGTH DATA ELEMENTS--GENERAL INFORMATION | |
| fixed length control field | 130122t xxu||||| |||| 00| 0 eng d |
| 020 ## - INTERNATIONAL STANDARD BOOK NUMBER | |
| International Standard Book Number | 9812448802 |
| 050 ## - LIBRARY OF CONGRESS CALL NUMBER | |
| Classification number | QA 154.3 |
| Item number | .L693 2005 |
| 082 ## - DEWEY DECIMAL CLASSIFICATION NUMBER | |
| Classification number | HS 512.9 |
| Item number | L61 2004 |
| 100 ## - MAIN ENTRY--PERSONAL NAME | |
| Personal name | Lial, Margaret |
| 9 (RLIN) | 11673 |
| 245 ## - TITLE STATEMENT | |
| Title | Algebra / |
| Statement of responsibility, etc | Margaret L. Lial, John Hornsby, Terry McGinnis. |
| 250 ## - EDITION STATEMENT | |
| Edition statement | 9th ed. |
| 260 ## - PUBLICATION, DISTRIBUTION, ETC. (IMPRINT) | |
| Place of publication, distribution, etc | Boston : |
| Name of publisher, distributor, etc | Addison-Wesley, |
| Date of publication, distribution, etc | c2012. |
| 300 ## - PHYSICAL DESCRIPTION | |
| Extent | 800 p. : |
| Other physical details | ill. ; |
| Dimensions | 29 cm. |
| 650 ## - SUBJECT ADDED ENTRY--TOPICAL TERM | |
| Topical term or geographic name as entry element | Algebra. |
| 9 (RLIN) | 11545 |
| 942 ## - ADDED ENTRY ELEMENTS (KOHA) | |
| Source of classification or shelving scheme | Library of Congress Classification |
| Koha item type | Books |
| Withdrawn status | Lost status | Source of classification or shelving scheme | Damaged status | Home library | Current library | Shelving location | Date acquired | Total Checkouts | Full call number | Barcode | Date last seen | Copy number | Price effective from | Koha item type | Date checked out |
|---|---|---|---|---|---|---|---|---|---|---|---|---|---|---|---|
| Library of Congress Classification | Luxembourg Library | Luxembourg Library | High School Section | 08/17/2013 | QA 154.3 .L693 2005 | 14890 | 08/17/2013 | 1 | 08/17/2013 | Books | |||||
| Library of Congress Classification | Luxembourg Library | Luxembourg Library | High School Section | 08/17/2013 | QA 154.3 .L693 2005 | 18443 | 08/17/2013 | 2 | 08/17/2013 | Books | |||||
| Library of Congress Classification | Luxembourg Library | Luxembourg Library | High School Section | 08/17/2013 | 1 | QA 154.3 .L693 2005 | 14889 | 09/17/2024 | 4 | 08/17/2013 | Books | 09/11/2024 | |||
| Library of Congress Classification | Luxembourg Library | Luxembourg Library | High School Section | 08/17/2013 | QA 154.3 .L693 2005 | 19235 | 03/04/2019 | 3 | 08/17/2013 | Books |